000 00641nam a22001937a 4500
005 20100803111630.0
010 _aENG-97656
020 _a9788128826542
_c100.00
035 _aEN-81189
037 _bDBAD/PUB
082 _aN
100 _aMohata, Chandraprakash
_94797
245 _aPatyala down the throat /
_cby Chandraprakash Mohata
260 _aNew Delhi
_bDiamond Books
_c2010
270 _aX-30, Okhla Industrial Area, Phase -2
_bNew Delhi
_e110020
300 _ax,213p.
_c19cm (pbk)
942 _2ddc
_cEN
_hN
_mMOH
999 _c38872
_d38872